000 01153nac a22004450a 4500
001 PT54345
003 AR-LpoUNG
005 20210201005529.0
008 201001s1995||||sp |||||||||||||||||spa d
020 _a8475839975
_c$28
040 _aAR-LpoUNG
_bspa
_eaacr
041 _aspa
044 _asp
082 0 _aR909 794esp-v2
100 1 _aVincent, Mary
245 1 0 _aEspaña y Portugal :
_bhistoria y cultura de la Península Ibérica
260 _aBarcelona :
_bFolio,
_c1995.
300 _a[114] p. :
_bil., mapas, gráfs., fot.
_3Impreso
490 0 _aAtlas culturales del mundo
650 4 _aAGRICULTURA
650 4 _aANALISIS HISTORICO
650 4 _aARTE
650 4 _aASPECTOS GEOGRAFICOS
650 4 _aATLAS
650 4 _aCIVILIZACION
650 4 _aCULTURA
650 4 _aESPAÑA
650 4 _aFACTORES CULTURALES
650 4 _aHISTORIA
650 4 _aINDUSTRIALIZACION
650 4 _aLITERATURA
650 4 _aMATERIAL DE REFERENCIA
650 4 _aPORTUGAL
650 4 _aURBANISMO
651 4 _aMundial
700 1 _aSantos, Domingo
_etr.
700 1 _aStradling, R. A.
905 _a54345
942 _cLSALA
999 _c50081
_d50081